<?xml version="1.0" encoding="UTF-8"?>
<record
    xmlns:xsi="http://www.w3.org/2001/XMLSchema-instance"
    xsi:schemaLocation="http://www.loc.gov/MARC21/slim http://www.loc.gov/standards/marcxml/schema/MARC21slim.xsd"
    xmlns="http://www.loc.gov/MARC21/slim">

  <leader>00521nam a2200145Ia 4500</leader>
  <controlfield tag="005">20250521114834.0</controlfield>
  <controlfield tag="008">231217s9999    xx            000 0 und d</controlfield>
  <datafield tag="020" ind1=" " ind2=" ">
    <subfield code="a">9781402087363</subfield>
  </datafield>
  <datafield tag="082" ind1=" " ind2=" ">
    <subfield code="a">005.1  SOB;1  R</subfield>
  </datafield>
  <datafield tag="100" ind1=" " ind2=" ">
    <subfield code="a">Sobh, Tarek ed. Elleithy, Khaled. Mahmood, Ausif...[et al.]</subfield>
  </datafield>
  <datafield tag="245" ind1=" " ind2="0">
    <subfield code="a">Novel algorithms and techniques in telecommunications,automation and industrial electronics</subfield>
  </datafield>
  <datafield tag="260" ind1=" " ind2=" ">
    <subfield code="c">NULL</subfield>
    <subfield code="b">Spinger</subfield>
    <subfield code="a">Heidelburg</subfield>
  </datafield>
  <datafield tag="650" ind1=" " ind2=" ">
    <subfield code="a">Novel,techniques,telecommunications,automation,electronics</subfield>
  </datafield>
  <datafield tag="942" ind1=" " ind2=" ">
    <subfield code="c">AA</subfield>
  </datafield>
  <datafield tag="999" ind1=" " ind2=" ">
    <subfield code="c">192906</subfield>
    <subfield code="d">192906</subfield>
  </datafield>
  <datafield tag="952" ind1=" " ind2=" ">
    <subfield code="r">2024-01-26 00:00:00</subfield>
    <subfield code="l">0</subfield>
    <subfield code="o">005.1  SOB;1  R</subfield>
    <subfield code="p">79505</subfield>
    <subfield code="W">20</subfield>
    <subfield code="u">digital/contents/79505.pdf</subfield>
    <subfield code="v">6985.60</subfield>
    <subfield code="w">2024-01-26</subfield>
    <subfield code="y">AA</subfield>
    <subfield code="1">0</subfield>
    <subfield code="4">0</subfield>
    <subfield code="7">0</subfield>
    <subfield code="8">NULL</subfield>
    <subfield code="0">0</subfield>
    <subfield code="K">BR-148</subfield>
    <subfield code="L">14/06/2016</subfield>
    <subfield code="a">ML</subfield>
    <subfield code="b">ML</subfield>
    <subfield code="d">2011-08-22</subfield>
    <subfield code="e">Royal Biblioman</subfield>
    <subfield code="g">8732.00</subfield>
    <subfield code="E">TC</subfield>
    <subfield code="G">RS</subfield>
    <subfield code="F">1</subfield>
    <subfield code="V">1746.4</subfield>
    <subfield code="U">Rupees</subfield>
  </datafield>
</record>
